| 000 | 00752nam a2200157 a 4500 | ||
|---|---|---|---|
| 008 | 100716s2009 ||||||||||||||||| || u | ||
| 050 | _aUN-ESCWA(02) | ||
| 110 | _aUnited Nations Economic and Social Commission for Western Asia (ESCWA) | ||
| 245 | 1 | 0 | _aImpact of ICT on community development in ESCWA countries |
| 260 |
_aNew York _bUnited Nations Economic and Social Commission for Western Asia (UN-ESCWA) _c2009 |
||
| 300 | _avii, 43p. ;ill. | ||
| 350 | _a0.00 | ||
| 650 | _aINFORMATION COMMUNICATION TECHNOLOGY--ASIA, WESTERN | ||
| 650 | _aCOMMUNITY DEVELOPMENT--ASIA, WESTERN | ||
| 995 |
_D0.00 _FCBU-MAIN LIBRARY (Kitwe) _H1 _I0.00 _M1 _UAVAILABLE _WAug 12, 2010 _ZInternational Publications |
||
| 999 |
_c46286 _d46286 |
||